00624nam a2200229Ia 4500001001000000003000500010008004100015010001100056040000900067082001400076100001800090245009700108260002900205300001100234503001900245650001100264650003700275650002800312650002200340700001400362700001800376Para_9450CHAP220125s2007 xx 000 0 und d a206100 cCHAP a633.73 W3 aWaller, J. M. aCoffee pests, diseases and their management /c by J.M. Waller; M. Bigger and R.J. Hillocks aOxon :b CABI Publishing a434 p. aI.240611(ej.1) aCafé aCafé x aspectos económicos  aCafé x enfermedades  aCafé x plagas  aBigger M. aHillocks R.J.